1390 1702 1756 1789 1574 1959 1771 1268 1723 1454 1376 1768 1208 1311 1658 1946 1027 1862 1660 1725 1865 1395 1601 1924 1682 1249 1965 1008 1197 1021 1904 1903 1615 1715 1414 1509 1122 1914 1566 1047 1215 1306 1314 1352 1634 1366 1341 1470 1033 1232 1624 1727 1645 1470 1479 1459 1815 1875 1080 1641 1601 1252 1276 1900 1907 1758 1873 1277 1125 1728 1265 1299 1953 1209 1400 1748 1858 1944 1722 1445 1975 1159 1688 1363 1184 1418 1278 1529 1890 1263 1589 1290 1010 1581 1076 1361 1228 1898 1958 BCNSPRNW ULIB Ver.6.0+V

เปลี่ยนเป็นภาษาไทย

Change to English
 แสดงรายละเอียดบรรณานุกรม
  กลับหน้าหลัก

Brief Record : Get Marc (ISO 2709) : E-mail record : QR code < ปิดหน้าต่าง
LEADER : 00000nam 2200000uu 4500
001    13399113946
003     ULIB
008    110320s||||||||th 000 0 tha d
099    วจ.WY84^bพ722ค
100 0  พิมพิมล วงศ์ไชยา
245 00 ความรู้ ทัศนคติ ความคาดหวังและการปฏิบัติจริงเกี่ยวกับบริการปฐมภูมิของผู้ปฏิบัติงานเวชปฏิบัติ/^cพิมพิมล วงศ์ไชยา,พินทอง ปินใจ,พรพิมล อรุณรุ่งโรจน์ และ สิริสุดา เตชะวิเศษ
260    พะเยา :^bวิทยาลัยพยาบาลบรมราชชนนี พะเยา,^c2554
300    62 หน้า :^bตาราง
500    รายงานการวิจัย
650  7 การบริการปฐมภูมิ^xวิจัย
650  7 พยาบาลเวชปฏิบัติ^xวิจัย
700 0  พินทอง ปินใจ
700 0  พรพิมล อรุณรุ่งโรจน์
700 0  สิริสุดา เตชะวิเศษ
710 2  วิทยาลัยพยาบาลบรมราชชนนี. ^bพะเยา
945    ^p0^l0^i030977
995    ทศพร
999 ^a ใช้งานได้ทุกระบบ
รายการนี้ยังไม่มีแท็ก
คุณยังไม่ได้ล็อกอิน คุณสามารถมีกิจกรรมร่วมกับเว็บไซต์ได้ แต่ต้องล็อกอินก่อน ::
  ล็อกอิน

รายการสื่อสารสนเทศ

ลำดับที่ ประเภท เลขเรียก/บาร์โค้ด สถานที่ สถานะ
1. งานวิจัย
งานวิจัย
วจ.WY84 พ722ค ฉ.1 
  Barcode: 030977
ห้องสมุดวิทยาเขตสวรรค์ประชารักษ์
►วิจัย
บนชั้น

รายการใกล้เคียง
    ผู้แต่ง [พิมพิมล วงศ์ไชยา]

BibComment


ยังไม่เคยถูกคอมเมนท์

คอมเมนท์ทรัพยากรรายการนี้
  คอมเมนท์: ความรู้ ทัศนคติ ค..


 Copyright 2026. Bcnsprnw @Library